00349nam a2200109Ia 4500008004100000082000800041100001400049245005900063942000600122952009600128999001500224240331s9999 xx 000 0 und d bGAR aGarber, M 0aVested interests :bcross-dressing and cultual anxiety cL 001040708LaWERCLbWERCLcSSCd2024-03-31l0o 3067 GARp3877r2024-03-31w2024-03-31yL c2169d2169